000
00263nam a22001217a 4500
008
180314b xxu||||| |||| 00| 0 eng d
041
_a
eng
080
_a
7
100
_a
45
101
_a
art
245
_a
modern american painting
_c
henri.. s
942
_2
udc
_c
BK
999
_c
45065
_d
45065